| 000 | 00430nam a2200181Ia 4500 | ||
|---|---|---|---|
| 001 | 14970 | ||
| 005 | 20260306164953.0 | ||
| 008 | 260306t2000||||xx |||||||||||||| ||spa|| | ||
| 041 | _aESP | ||
| 082 |
_a519.52 _bL83 |
||
| 100 |
_aLohr, Sharon L. _eAUT |
||
| 245 | 0 |
_aMuestreo: _bdiseño y análisis |
|
| 260 | _c2000 | ||
| 300 |
_axiii, 480 páginas : _c24 cm. |
||
| 650 | _aGEN | ||
| 654 | _aCMA | ||
| 942 |
_cLIB _dJUS _fJUS _2ddc _n |
||
| 999 |
_c14970 _d14970 |
||